000
00208 a2200097 4500
001
13247
100
_a
Hofmann,M.
245
_a
Book of Irish Verse
260
_a
_b
Routledge Classics
_c
090
_c
10238
_d
10238
942
_a
NUST-CAE
_c
M
_c
268
999
_c
248320
_d
248320